000 00523nam a2200217Ia 4500
003 OSt
005 20220918180821.0
006 a|||||r|||| 00| 0
007 ta
008 220917b |||||||| |||| 00| 0 eng d
024 _a24,312
037 _cTextual
040 _aARTS
_cARTS
_beng
041 _2eng
_aeng
082 _aO111:g, L3
100 _aElkin P K.
_957195
245 0 _aAugustan defence of Satire
260 _c1973
942 _hO111:g, L3
_cTEXL
_2CC
999 _c163284
_d163284